Normal view
MARC view
Entry Personal Name
001 - CONTROL NUMBER
- control field: 558543
003 - CONTROL NUMBER IDENTIFIER
- control field: OSt
005 - DATE AND TIME OF LATEST TRANSACTION
- control field: 20220930190014.0
008 - FIXED-LENGTH DATA ELEMENTS
- fixed length control field: 220930|| aca||aabn | a|a d
040 ## - CATALOGING SOURCE
- Original cataloging agency: OSt
- Transcribing agency: OSt
100 ## - HEADING--PERSONAL NAME
- Personal name: राम कविन्द्र सिंह, अनु
670 ## - SOURCE DATA FOUND
- Source citation: Work cat.: (OSt)891436: लुईस, प्रकाश, जन शक्ति, 2008
